A los católicos militantes: irradiar a Cristo
Guardat en:
| Autor principal: | |
|---|---|
| Format: | Llibre |
| Idioma: | espanyol |
| Publicat: |
Barcelona
Librería Religiosa
1942
|
| Edició: | 2a. ed |
| Matèries: | |
| Etiquetes: |
Afegir etiqueta
Sense etiquetes, Sigues el primer a etiquetar aquest registre!
|
MARC
| LEADER | 00000cam a2200000 a 4500 | ||
|---|---|---|---|
| 001 | UCE9857 | ||
| 003 | CL-VaPUC | ||
| 008 | 151106e19420000sp |||||||||||||||||spa|d | ||
| 082 | 0 | 4 | |a 232 |b PLU |2 21 |
| 100 | 0 | |a Plus, Raúl |e author |9 582820 | |
| 245 | 1 | 0 | |a A los católicos militantes: irradiar a Cristo |
| 250 | |a 2a. ed | ||
| 300 | |a 140 p | ||
| 942 | |c BK | ||
| 945 | |d 20151106 14:16:00 |a gsalatino | ||
| 260 | |a Barcelona |b Librería Religiosa |c 1942 | ||
| 650 | 0 | |a Teología |9 258766 | |
| 650 | 0 | |a Cristología |9 315091 | |
| 650 | 7 | |a SAGRADO CORAZON DE JESUS |2 CL-VaPUC |9 529784 | |
| 583 | |a last modification |c 20151106 14:16:00 |k Rodrigo Vera | ||
| 999 | |c 361500 |d 361498 | ||
| 952 | |0 0 |1 0 |3 erd |4 0 |6 232_000000000000000_PLU_1942 |7 0 |8 P |9 472061 |a BIBTEO |b BIBTES |c TEO_FTES |i 5208599 |o 232 PLU 1942 |p 5208599 |r 2024-01-18 |w 2019-11-24 |y BK |z Catalogado en:20151106 |k ICR | ||